Avance profesional y género : variables personales, familiares y organizacionales /

La investigación muestra que, en general, existen diferencias a favor de los hombres en avance profesional. Este trabajo tiene dos objetivos: Primero analizar las diferencias de genero en tres indicadores de desarrollo de carrera (salario anual, el nivel profesional y ascensos) en profesionales espa...

Descripción completa

Detalles Bibliográficos
Autor principal: Osca, Amparo
Otros Autores: Martínez-Pérez, María Dolores
Formato: Analitica de revista
Lenguaje:español

MARC

LEADER 00000cab a2200000 a 4500
001 041387
003 UAHC_CL
005 20170803124553.0
008 051228b xx j 000 1 spa
040 |a UAHC_CL  |c UAHC_CL  |d UAHC_CL 
100 1 |a Osca, Amparo 
245 1 0 |a Avance profesional y género :  |b variables personales, familiares y organizacionales /  |c Amparo Osca, María Dolores Martínez-Pérez. 
500 |a Revista de Psicología Social (España) 2002, vol 17 (2). p. 193-205 
500 |a Revista de Psicología Social (España) 2002, vol 17 (2). p. 193-205 
520 |a La investigación muestra que, en general, existen diferencias a favor de los hombres en avance profesional. Este trabajo tiene dos objetivos: Primero analizar las diferencias de genero en tres indicadores de desarrollo de carrera (salario anual, el nivel profesional y ascensos) en profesionales españoles ( N=232); segundo, examinar la influencia de diversas variables personales, familiares y organizacionales sobre los indicadores de avance profesional según el sexo. Los resultados muestran que, aunque no hay diferencias de género en el nivel de estudios, las mujeres tienen menor salario y estatus profesional. Entre las variables que explican el avance profesional destacan las personales, fundamentalmente el nivel de estudios. De las variables familiares el número de hijos predice el salario sólo en las mujeres. El sector profesional en el que se trabaja es la variable organizacional que mejor explica el nivel alcanzado. El estudio muestra la conveniencia de considerar diferentes indicadores de avance profesional y de realizar análisis separados para hombres y mujeres. 
520 |a La investigación muestra que, en general, existen diferencias a favor de los hombres en avance profesional. Este trabajo tiene dos objetivos: Primero analizar las diferencias de genero en tres indicadores de desarrollo de carrera (salario anual, el nivel profesional y ascensos) en profesionales españoles ( N=232); segundo, examinar la influencia de diversas variables personales, familiares y organizacionales sobre los indicadores de avance profesional según el sexo. Los resultados muestran que, aunque no hay diferencias de género en el nivel de estudios, las mujeres tienen menor salario y estatus profesional. Entre las variables que explican el avance profesional destacan las personales, fundamentalmente el nivel de estudios. De las variables familiares el número de hijos predice el salario sólo en las mujeres. El sector profesional en el que se trabaja es la variable organizacional que mejor explica el nivel alcanzado. El estudio muestra la conveniencia de considerar diferentes indicadores de avance profesional y de realizar análisis separados para hombres y mujeres. 
520 |a La investigaciÛn muestra que, en general, existen diferencias a favor de los hombres en avance profesional. Este trabajo tiene dos objetivos: Primero analizar las diferencias de genero en tres indicadores de desarrollo de carrera (salario anual, el nivel profesional y ascensos) en profesionales espaÒoles ( N=232); segundo, examinar la influencia de diversas variables personales, familiares y organizacionales sobre los indicadores de avance profesional según el sexo. Los resultados muestran que, aunque no hay diferencias de gÈnero en el nivel de estudios, las mujeres tienen menor salario y estatus profesional. Entre las variables que explican el avance profesional destacan las personales, fundamentalmente el nivel de estudios. De las variables familiares el número de hijos predice el salario sÛlo en las mujeres. El sector profesional en el que se trabaja es la variable organizacional que mejor explica el nivel alcanzado. El estudio muestra la conveniencia de considerar diferentes indicadores de avance profesional y de realizar an·lisis separados para hombres y mujeres. 
700 1 |a Martínez-Pérez, María Dolores 
700 1 |a Martínez-Pérez, María Dolores 
759 |a PP142 
773 0 |t Revista de sociología  |w 041937 
900 |a REV. PSICOL. SOC.-02/02 
942 |c REVA 
952 |0 0  |1 0  |4 0  |6 REV___PSICOL__SOC_02_02_000000000000000  |7 0  |8 General  |9 77718  |a BC  |b BC  |c General  |d 2017-08-03  |l 0  |o REV. PSICOL. SOC.-02/02  |p FICTICIO6827  |r 2019-01-08 00:00:00  |t 1  |w 2017-08-03  |y REVA 
999 |c 41387  |d 41387